000 00316nam a22001457a 4500
020 _a9789383285204
041 _aENG
100 _aVaughan.L.M
245 _aFarm Work Simplification
260 _aDelhi
_bAgri Horti Press
_c2015
300 _a145
650 _aFMP
700 _aHardin.L.S
856 _uFMP ( 16 )
999 _c1381
_d1381